| 000 | 00351nam a2200133Ia 4500 | ||
|---|---|---|---|
| 008 | 240624s9999 xx 000 0 und d | ||
| 041 | _aeng | ||
| 082 | _a658.8 BOO | ||
| 100 | _aKURTZ DAVID L | ||
| 245 | _aCONTEMPORARY MARKETING | ||
| 260 |
_c2009 _aAustralia _bSouth-Western Cengage Learning |
||
| 300 | _aliv, : 664 : p. : cm. ; 28 | ||
| 365 |
_c _b30 |
||
| 999 |
_c12706 _d12706 |
||